Problémy dôchodkových fondov v USA

Dôchodkové fondy spoločností z indexu S&P 500 dosiahli v roku 2011 rekordný rozdiel medzi ich záväzkami a aktívami. Sen povojnovej generácie, tzv. baby boomers, o zlatom dôchodku sa pomaly rozplýva. Pretrváva trend prechodu od penzijných záväzkov k investíciám typu 401 (k).

Enregistré dans:
Détails bibliographiques
Auteur principal: Kmeťko, Miroslav, 1969-
Autres auteurs: Strižencová, Michaela
Format: Chapitre de livre
Langue:slovaque
Sujets:
Tags: Ajouter un tag
Pas de tags, Soyez le premier à ajouter un tag!

MARC

LEADER 00000nla a2200000 4500
001 0159713
005 20240502072752.2
041 0 |a slo 
044 |a SK 
245 1 0 |a Problémy dôchodkových fondov v USA  |c Miroslav Kmeťko, Michaela Strižencová 
520 |a Dôchodkové fondy spoločností z indexu S&P 500 dosiahli v roku 2011 rekordný rozdiel medzi ich záväzkami a aktívami. Sen povojnovej generácie, tzv. baby boomers, o zlatom dôchodku sa pomaly rozplýva. Pretrváva trend prechodu od penzijných záväzkov k investíciám typu 401 (k). 
610 2 0 |a financie 
610 2 0 |a dôchodky 
610 2 0 |a fondy penzijné 
610 2 0 |a aktíva 
610 2 0 |a investície 
610 2 0 |a USA 
100 1 |a Kmeťko, Miroslav, 1969- 
700 1 |a Strižencová, Michaela